[Event "POL-chT 1st League"]
[Site "Jarnoltowek"]
[Date "2005.09.10"]
[Round "8.27"]
[White "Dudzinski, Piotr"]
[Black "Stefaniak, Jacek"]
[Result "1-0"]
[WhiteElo "2222"]
[BlackElo "2250"]
[PlyCount "105"]
[EventDate "2005.09.03"]
[EventType "team-tourn"]
[EventRounds "9"]
[EventCountry "POL"]
[SourceTitle "EXT 2019"]
[Source "ChessBase"]
[SourceDate "2018.10.10"]
[SourceVersion "1"]
[SourceVersionDate "2018.10.10"]
[SourceQuality "1"]
[WhiteTeam "Ostrow Wielkopolski"]
[BlackTeam "Lodz AZS Politechnika"]
[WhiteTeamCountry "POL"]
[BlackTeamCountry "POL"]

1. e4 c5 2. c3 Nf6 3. e5 Nd5 4. d4 cxd4 5. Nf3 d6 6. cxd4 e6 7. exd6 Qxd6 8. Nc3 Be7 9. Bd3 Nc6 10. 0-0 Nf6 11. Be3 0-0 12. Rc1 Nb4 13. Bb1 Nbd5 14. Ne5 Bd7 15. Bg5 Rfc8 16. Nxd5 exd5 17. Bxf6 Bxf6 18. Bxh7+ Kf8 19. Qh5 g6 20. Nxg6+ fxg6 21. Qxg6 Qe6 22. Rce1 Qf7 23. Qh6+ Qg7 24. Qf4 Rc6 25. Bd3 Qg4 26. Qd2 Qxd4 27. Re3 Bg7 28. Rfe1 Re8 29. Rxe8+ Bxe8 30. Qe2 Bf7 31. Qe7+ Kg8 32. Qxb7 Qb6 33. Bh7+ Kxh7 34. Qxf7 d4 35. h4 Rf6 36. Qd5 Rf8 37. Qh5+ Qh6 38. Qxh6+ Kxh6 39. Rd1 Kh5 40. g3 Kg4 41. Kg2 Rf3 42. Re1 Rf7 43. f3+ Kf5 44. g4+ Kg6 45. Re6+ Kh7 46. Rd6 Rc7 47. f4 Re7 48. g5 Re3 49. h5 d3 50. Rd7 Kg8 51. h6 Bxb2 52. g6 Ba3 53. Rd8+ 1-0

[Event "POL-chT 1st League"]
[Site "Jarnoltowek"]
[Date "2005.09.07"]
[Round "5.15"]
[White "Stefaniak, Jacek"]
[Black "Markiewicz, Jerzy"]
[Result "1/2-1/2"]
[WhiteElo "2250"]
[BlackElo "2308"]
[PlyCount "32"]
[EventDate "2005.09.03"]
[EventType "team-tourn"]
[EventRounds "9"]
[EventCountry "POL"]
[SourceTitle "EXT 2019"]
[Source "ChessBase"]
[SourceDate "2018.10.10"]
[SourceVersion "1"]
[SourceVersionDate "2018.10.10"]
[SourceQuality "1"]
[WhiteTeam "Lodz AZS Politechnika"]
[BlackTeam "Dankowice Pasjonat"]
[WhiteTeamCountry "POL"]
[BlackTeamCountry "POL"]

1. e4 c5 2. Nf3 d6 3. Bb5+ Bd7 4. Bxd7+ Qxd7 5. c4 Nc6 6. Nc3 g6 7. d4 cxd4 8. Nxd4 Bg7 9. Nde2 Nf6 10. f3 0-0 11. Be3 Ne8 12. Qd2 f5 13. 0-0 Nf6 14. Rad1 fxe4 15. Nxe4 Nxe4 16. fxe4 Qe6 1/2-1/2